Statistics for 2019 F1 Grid

Click here to take the quiz!

General Stats

  • This quiz has been taken 28 times
  • The average score is 19 of 20

Answer Stats

NationTeamDriver% Correct
THRed BullAlbon
100%
FLMercedesBottas
100%
FRToro RossoGasly
96%
ITAlfa RomeoGiovinazzi
96%
GBMercedesHamilton
96%
MNFerrariLeclerc
96%
DNHaasMagnussen
96%
GBMcLarenNorris
96%
MXRacing PointPerez
96%
FLAlfa RomeoRäikkönen
96%
NLRed BullVerstappen
96%
DEFerrariVettel
96%
FRHaasGrosjean
92%
PLWilliamsKubica
92%
RUToro RossoKvyat
92%
AURenaultRicciardo
92%
GBWilliamsRussell
92%
ESMcLarenSainz
92%
CARacing PointStroll
92%
DERenaultHulkenburg
88%

Score Distribution

Percentile by Number Answered

Percent of People with Each Score

Your Score History

You have not taken this quiz